Classement du Ballon d'or 2025 - Statistiques

Statistiques générales
  • Ce quiz a été pris 105 fois
  • Le résultat moyen est 27 sur 30
Statistiques - réponses
Classement Joueurs Club Nationalité % Correct
1 Ousmane Dembélé Paris-Saint-Germain Français
100%
2 Lamine Yamal FC Barcelone Espagnol
99%
6 Achraf Hakimi Paris-Saint-Germain Marocain
98%
7 Kylian Mbappé Réal Madrid CF Français
97%
4 Mohamed Salah Liverpool FC Egyptien
97%
10 Nuno Mendes Paris-Saint-Germain Portugais
95%
8 Cole Palmer Chelsea FC Anglais
94%
16 Vinicius Jr Réal Madrid Brésilien
94%
3 Vitinha Paris-Saint-Germain Portugais
94%
14 Désiré Doué Paris-Saint-Germain Français
93%
13 Harry Kane Bayern Munich Anglais
93%
19 Joao Neves Paris-Saint-Germain Portugais
93%
11 Pedri FC Barcelone Espagnol
92%
17 Robert Lewandowski FC Barcelone Polonais
92%
26 Erling Haaland Manchester City Norvégien
91%
12 Khvitcha Kvaratskhelia Paris-Saint-Germain Géorgien
90%
30 Michael Olise Bayern Munich Français
90%
15 Viktor Gyökeres Sporting Portugal Suèdois
90%
23 Jude Bellingham Réal Madrid Anglais
89%
20 Lautaro Martinez Inter Milan Argentin
87%
5 Raphinha FC Barcelone Brésilien
87%
9 Gianluigi Donnarumma Paris-Saint-Germain Italien
85%
21 Serhou Guirassy Borussia Dortmund Guinée
84%
24 Fabian Ruiz Paris-Saint-Germain Espagnol
82%
27 Declan Rice Arsenal FC Anglais
78%
18 Scott McTominay Naples Ecossais
78%
28 Virgil Van Dijk Liverpool FC Néerlandais
78%
29 Florian Wirtz Bayer Leverkusen Allemand
76%
22 Alexis Mac Allister Liverpool FC Argentin
75%
25 Denzel Dumfries Inter Milan Néerlandais
75%
Aucun quiz correspondant
Distribution des résultats
% des personnes avec chaque résultat
Percentile par nombre de réponses
Votre historique - résultats
Vous n’avez pas pris ce quiz